01259nab a22002297a 4500003000400000005001700004008004100021040000700062100003000069245013600099260007300235300001300308500007500321505029000396505008900686650002900775650002600804650001100830650002100841650003100862773013600893OSt20260131193453.0190603e xxum|||| |||| 00| 0 spa d cPJ aColombo, María Celeste 10aSeguro y función social :buna mirada desde la responsabilidad civil y la argumentación jurídica /cMaría Celeste Colombo.  cCiudad Autónoma de Buenos Aires :aThomson Reuters La Ley, b2025. ap. 66-75 aCita: TR LALEY AR/DOC/2804/2025 Publicado en: RCCyC 2025 (Diciembre). aSumario: I. Introducción.— II. Responsabilidad civil y sus funciones tradicionales.— III. La función social del seguro.— IV. El seguro obligatorio automotor y su función social.— V. El seguro y la argumentación jurídica en responsabilidad civil.— VI. Conclusiones.  t¿Te interesa el texto completo? Solicitalo al correo: koha@justierradelfuego.gov.ar 0aCODIGO CIVIL Y COMERCIAL 0aRESPONSABILIDAD CIVIL 0aDAÑO 0aPOLIZA DE SEGURO 0aOBLIGACIONES DEL ASEGURADO0 02713dCiudad Autónoma de Buenos Aires : Thomson Reuters La Ley, 2015-tRevista Código Civil y Comercial. Nº 6 - Diciembre 2025